Top 1000 Baby Boy Names in 1880 (US) (Spellings Combined) - Statistics

General Stats
  • This quiz has been taken 92 times
  • The average score is 270 of 1000
Answer Stats
Rank Male name % Correct
1 John
95%
512 Johnson
95%
526 Al
93%
27 Will
93%
450 Geo
90%
3 James
90%
46 Michael
90%
390 Micheal
90%
2 William
88%
5 George
87%
964 Gorge
87%
709 Henery
87%
9 Henry
87%
77 Jack
87%
413 Jesus
87%
8 Thomas
87%
423 Tomas
87%
235 Pete
85%
84 Stephen
85%
441 Steven
85%
92 Alex
83%
6 Frank
83%
862 Harrie
83%
12 Harry
83%
455 Mat
83%
786 Math
83%
264 Matt
83%
60 Paul
83%
31 Peter
83%
40 Tom
83%
73 Alexander
82%
4 Charles
82%
236 Chris
82%
467 Christ
82%
160 Mark
82%
10 Robert
82%
232 Steve
82%
816 Andre
80%
55 Ed
80%
226 Edd
80%
161 Jose
80%
732 Rich
80%
98 Dan
78%
696 Danial
78%
25 Daniel
78%
18 David
78%
11 Edward
78%
36 Sam
78%
24 Andrew
77%
530 Art
77%
58 Ben
77%
533 Benjaman
77%
32 Benjamin
77%
505 Benjamine
77%
321 Benjiman
77%
142 Christopher
77%
873 Joeseph
77%
7 Joseph
77%
69 Oliver
77%
23 Richard
77%
17 Samuel
77%
415 Jonathan
75%
204 Mathew
75%
117 Matthew
75%
178 Nicholas
75%
269 Nick
75%
16 Albert
73%
427 Arther
73%
14 Arthur
73%
920 Aurthur
73%
824 Auther
73%
825 Author
73%
604 Authur
73%
284 Don
73%
177 Eli
73%
949 Elie
73%
256 Luke
73%
136 Victor
73%
402 Zack
73%
42 Carl
72%
59 Charley
72%
21 Charlie
72%
246 Donald
72%
449 Frances
72%
50 Francis
72%
247 Jackson
72%
377 Karl
72%
93 Leo
72%
722 Mart
72%
462 Sim
72%
266 Vincent
72%
909 Ab
70%
234 Abe
70%
123 Adam
70%
381 Allan
70%
82 Allen
70%
384 Dee
70%
614 Eric
70%
15 Fred
70%
45 Martin
70%
157 Simon
70%
563 Tim
70%
163 Abraham
68%
114 Leon
68%
556 Phil
68%
171 Anton
67%
253 Christian
67%
967 Gregory
67%
62 Isaac
67%
452 Issac
67%
20 Joe
67%
300 Josh
67%
780 Len
67%
78 Leonard
67%
389 Lew
67%
30 Lewis
67%
492 Lou
67%
19 Louis
67%
548 Luis
67%
183 Timothy
67%
244 Bob
65%
488 Dean
65%
953 Ely
65%
364 Evan
65%
39 Jacob
65%
212 Joshua
65%
495 Nat
65%
115 Nathan
65%
480 Tommie
65%
929 Brad
63%
365 Frederic
63%
33 Frederick
63%
126 Fredrick
63%
347 Laurence
63%
65 Lawrence
63%
143 Mike
63%
130 Noah
63%
81 Philip
63%
174 Phillip
63%
680 Theo
63%
70 Theodore
63%
221 Bill
62%
411 Harris
62%
188 Jeff
62%
49 Jim
62%
414 Johnie
62%
353 Johnnie
62%
387 Johnny
62%
555 Pat
62%
95 Ray
62%
13 Walter
62%
747 Alf
60%
103 Anthony
60%
104 Eddie
60%
715 Justin
60%
242 Marcus
60%
67 Patrick
60%
199 Arch
58%
393 Cal
58%
833 Colin
58%
322 Ivan
58%
87 Raymond
58%
35 Alfred
57%
209 Andy
57%
931 Bradley
57%
428 Carlos
57%
135 Elijah
57%
116 Harold
57%
190 Harrison
57%
296 Julian
57%
297 Kenneth
57%
230 Max
57%
205 Nathaniel
57%
131 Aaron
55%
683 Aron
55%
606 Billie
55%
753 Billy
55%
237 Clark
55%
831 Clarke
55%
102 Dave
55%
653 Freddie
55%
856 Garry
55%
857 Gary
55%
141 Jake
55%
386 Jason
55%
352 Jimmie
55%
334 Antonio
53%
359 Jordan
53%
43 Lee
53%
29 Oscar
53%
802 Tyler
53%
34 Willie
53%
83 Archie
52%
112 Franklin
52%
71 Hugh
52%
278 Jeremiah
52%
626 Noel
52%
169 Owen
52%
299 Allie
50%
241 Bruce
50%
327 Caleb
50%
609 Denis
50%
106 Dennis
50%
61 Edgar
50%
472 Gabriel
50%
263 Joel
50%
133 Norman
50%
403 Adrian
48%
314 Douglas
48%
251 Edmond
48%
187 Edmund
48%
57 Edwin
48%
768 Elliot
48%
375 Elliott
48%
146 Maurice
48%
172 Morris
48%
801 Toney
48%
261 Tony
48%
47 Bert
47%
755 Birt
47%
258 Burt
47%
845 Drew
47%
99 Jerry
47%
513 Larry
47%
785 Mal
47%
179 Wilson
47%
326 Archibald
45%
838 Curt
45%
586 Gerald
45%
38 Herbert
45%
127 Jay
45%
184 Marvin
45%
217 Miles
45%
361 Wayne
45%
276 Arnold
43%
74 August
43%
335 Bennie
43%
228 Grant
43%
272 Juan
43%
668 Maxwell
43%
257 Neal
43%
354 Neil
43%
745 Aden
42%
714 Jonah
42%
992 Julious
42%
94 Julius
42%
880 Mitchel
42%
298 Mitchell
42%
348 Roger
42%
640 Abel
40%
186 Curtis
40%
189 Elias
40%
53 Eugene
40%
433 Harve
40%
51 Harvey
40%
776 Hervey
40%
268 Isaiah
40%
118 Levi
40%
876 Levy
40%
514 Logan
40%
735 Russel
40%
197 Russell
40%
191 Stanley
40%
89 Warren
40%
220 Austin
38%
100 Calvin
38%
270 Ezra
38%
137 Gus
38%
655 Guss
38%
44 Howard
38%
620 Lincoln
38%
173 Manuel
38%
371 Mason
38%
730 Quincy
38%
37 Roy
38%
279 Taylor
38%
521 Ted
38%
911 Agustus
37%
132 Alvin
37%
175 Augustus
37%
750 Bart
37%
97 Bernard
37%
644 Carson
37%
431 Davis
37%
341 Dick
37%
210 Ellis
37%
510 Garrett
37%
233 Gordon
37%
871 Jarrett
37%
128 Jess
37%
323 Jonas
37%
721 Marshal
37%
168 Marshall
37%
553 Nels
37%
138 Nelson
37%
894 Sammie
37%
632 Terry
37%
523 West
37%
571 Alec
35%
406 Clay
35%
154 Earnest
35%
285 Emmet
35%
176 Emmett
35%
770 Emmitt
35%
26 Ernest
35%
351 Hugo
35%
546 Jean
35%
28 Jesse
35%
872 Jessee
35%
90 Jessie
35%
124 Lloyd
35%
493 Loyd
35%
417 Malcolm
35%
91 Milton
35%
288 Morgan
35%
675 Park
35%
498 Parker
35%
304 Pedro
35%
281 Roland
35%
595 Rolland
35%
185 Ross
35%
892 Rupert
35%
206 Scott
35%
349 Seth
35%
109 Wesley
35%
684 Ashley
33%
211 Emanuel
33%
395 Francisco
33%
771 Gene
33%
139 Jasper
33%
369 Loren
33%
784 Mac
33%
125 Mack
33%
231 Mose
33%
119 Moses
33%
243 Preston
33%
54 Ralph
33%
421 Rolla
33%
218 Rudolph
33%
564 Travis
33%
150 Wallace
33%
809 Adolf
32%
145 Adolph
32%
938 Chin
32%
201 Clayton
32%
972 Harl
32%
229 Jerome
32%
551 Miguel
32%
339 Milo
32%
63 Otto
32%
594 Pablo
32%
265 Riley
32%
96 Sidney
32%
559 Sol
32%
560 Sydney
32%
479 Tobe
32%
800 Tobias
32%
742 Troy
32%
317 Ulysses
32%
290 Van
32%
481 Wyatt
32%
822 Asher
30%
643 Avery
30%
222 Chas
30%
85 Chester
30%
328 Clint
30%
255 Jefferson
30%
167 Leslie
30%
121 Lester
30%
718 Lionel
30%
129 Melvin
30%
896 Soloman
30%
198 Solomon
30%
400 Vern
30%
597 Verne
30%
214 Vernon
30%
485 Andres
28%
819 Armand
28%
536 Clair
28%
694 Clare
28%
839 Damon
28%
540 Duncan
28%
541 Dwight
28%
447 Ezekiel
28%
148 Felix
28%
75 Floyd
28%
357 Gust
28%
859 Gustaf
28%
286 Gustav
28%
238 Gustave
28%
775 Harman
28%
358 Harmon
28%
48 Herman
28%
657 Hermann
28%
975 Hermon
28%
338 Josiah
28%
108 Leroy
28%
156 Otis
28%
886 Ottis
28%
731 Randall
28%
149 Reuben
28%
520 Rodney
28%
311 Ruben
28%
501 Rubin
28%
798 Sid
28%
399 Stewart
28%
463 Stuart
28%
916 Artie
27%
693 Clarance
27%
22 Clarence
27%
72 Clyde
27%
765 Duke
27%
703 Fernando
27%
706 Ford
27%
134 Gilbert
27%
350 Glen
27%
254 Glenn
27%
473 Hector
27%
983 Hunt
27%
331 King
27%
875 Kirk
27%
193 Lon
27%
496 Omar
27%
316 Omer
27%
144 Percy
27%
519 Rex
27%
476 Saul
27%
140 Silas
27%
282 Spencer
27%
803 Vance
27%
362 Wilber
27%
162 Wilbur
27%
252 Anderson
25%
442 Axel
25%
926 Bernie
25%
690 Carleton
25%
507 Carlton
25%
466 Casper
25%
248 Cecil
25%
151 Claud
25%
56 Claude
25%
760 Cliff
25%
107 Clifford
25%
383 Dallas
25%
113 Emil
25%
542 Emile
25%
545 Hunter
25%
554 Norris
25%
793 Rafael
25%
677 Ramon
25%
500 Reginald
25%
215 Wade
25%
313 Ward
25%
642 Archer
23%
924 Bartholomew
23%
465 Bennett
23%
506 Carey
23%
691 Carrie
23%
429 Cary
23%
216 Cyrus
23%
608 Darius
23%
840 Davie
23%
842 Dexter
23%
852 Ernie
23%
307 Ervin
23%
446 Erwin
23%
854 Ferd
23%
294 Ferdinand
23%
79 Horace
23%
207 Hubert
23%
985 Irven
23%
159 Irvin
23%
203 Irving
23%
366 Irwin
23%
995 Kelly
23%
783 Lyle
23%
370 Madison
23%
549 Mathias
23%
516 Mont
23%
195 Ollie
23%
101 Perry
23%
318 Walker
23%
86 Willis
23%
105 Amos
22%
823 Augustin
22%
531 Augustine
22%
120 Everett
22%
958 Everette
22%
68 Guy
22%
376 Hans
22%
181 Harley
22%
782 Lonie
22%
223 Lonnie
22%
287 Louie
22%
416 Lucian
22%
397 Lucien
22%
64 Luther
22%
379 Wash
22%
355 Washington
22%
249 Barney
20%
756 Bruno
20%
277 Bud
20%
934 Budd
20%
336 Carroll
20%
165 Clinton
20%
262 Conrad
20%
52 Earl
20%
342 Earle
20%
41 Elmer
20%
650 Elmore
20%
955 Enrique
20%
583 Finley
20%
308 Forest
20%
280 Forrest
20%
584 Gabe
20%
773 Hal
20%
76 Homer
20%
980 Hudson
20%
434 Israel
20%
659 Isreal
20%
453 Jules
20%
80 Marion
20%
289 Ned
20%
457 Orlando
20%
518 Pierre
20%
275 Porter
20%
459 Prince
20%
398 Randolph
20%
889 Reese
20%
734 Romeo
20%
900 Thad
20%
561 Thaddeus
20%
635 Valentine
20%
373 Abram
18%
426 Angus
18%
225 Byron
18%
828 Caesar
18%
607 Cornelious
18%
147 Cornelius
18%
941 Cyril
18%
943 Denver
18%
769 Elton
18%
613 Emma
18%
202 Enoch
18%
490 Enos
18%
973 Hayden
18%
708 Hayes
18%
974 Hays
18%
660 Jones
18%
458 Pierce
18%
794 Raoul
18%
890 Rube
18%
360 Simeon
18%
153 Sylvester
18%
908 Zeke
18%
932 Brooks
17%
444 Bryant
17%
363 Clem
17%
445 Clement
17%
832 Clemente
17%
407 Ephraim
17%
700 Ephriam
17%
448 Foster
17%
410 Grover
17%
717 Leopold
17%
787 Miller
17%
372 Orval
17%
239 Orville
17%
795 Roderick
17%
477 Smith
17%
634 Uriah
17%
382 Alphonse
15%
200 Asa
15%
532 Bailey
15%
927 Blaine
15%
647 Eben
15%
616 Gideon
15%
654 Godfrey
15%
707 Harlan
15%
66 Ira
15%
240 Lorenzo
15%
438 Murray
15%
422 Sandy
15%
905 Wilhelm
15%
392 Addison
13%
374 Aubrey
13%
686 Bertie
13%
408 Fritz
13%
409 Giles
13%
451 Houston
13%
982 Humphrey
13%
259 Ike
13%
993 Justice
13%
388 Lawson
13%
624 Malachi
13%
878 Michel
13%
224 Monroe
13%
88 Rufus
13%
902 Tracy
13%
904 Wendell
13%
158 Willard
13%
812 Allison
12%
110 Alonzo
12%
405 Bertram
12%
702 Felipe
12%
652 Finis
12%
432 Hamilton
12%
155 Hiram
12%
474 Horatio
12%
996 Kit
12%
1000 Layton
12%
435 Leander
12%
547 Lem
12%
437 Merle
12%
788 Orson
12%
790 Percival
12%
558 Santiago
12%
219 Sherman
12%
440 Sterling
12%
164 Virgil
12%
805 Walton
12%
325 Abner
10%
291 Ambrose
10%
573 Baxter
10%
535 Bishop
10%
688 Buster
10%
273 Clifton
10%
837 Cruz
10%
646 Doc
10%
245 Dock
10%
846 Edson
10%
469 Egbert
10%
344 Emerson
10%
991 Judd
10%
664 Leland
10%
324 Major
10%
552 Mortimer
10%
456 Morton
10%
625 Newt
10%
497 Oran
10%
517 Oren
10%
391 Orin
10%
885 Orren
10%
672 Orrin
10%
674 Oswald
10%
736 Rutherford
10%
596 Turner
10%
636 Waldo
10%
637 Warner
10%
401 Wilmer
10%
914 Alphonso
8%
484 Alton
8%
925 Barton
8%
605 Benton
8%
687 Berton
8%
534 Beverly
8%
928 Boston
8%
443 Boyd
8%
930 Bradford
8%
283 Burton
8%
430 Cassius
8%
758 Chancy
8%
292 Chauncey
8%
759 Claus
8%
645 Cullen
8%
329 Dudley
8%
470 Elmo
8%
957 Esau
8%
345 Fletcher
8%
337 Freeman
8%
544 Henderson
8%
587 Herschel
8%
976 Hershel
8%
588 Hezekiah
8%
777 Hollis
8%
870 Ishmael
8%
622 Lucious
8%
274 Lucius
8%
515 Merrill
8%
182 Newton
8%
628 Palmer
8%
502 Seymour
8%
797 Shelton
8%
630 Shirley
8%
897 Stacy
8%
898 Stanford
8%
901 Titus
8%
565 Truman
8%
170 Wiley
8%
380 Wilfred
8%
570 Wylie
8%
180 Alva
7%
404 Alvah
7%
529 Anna
7%
752 Benito
7%
574 Bertrand
7%
933 Buck
7%
577 Cleveland
7%
539 Dana
7%
250 Delbert
7%
945 Duff
7%
293 Elisha
7%
952 Elroy
7%
227 Emery
7%
267 Emory
7%
867 Holmes
7%
658 Isadore
7%
990 Jodie
7%
346 Judge
7%
301 Judson
7%
208 Lemuel
7%
666 Ludwig
7%
309 Lynn
7%
591 Marcellus
7%
877 Mervin
7%
315 Ole
7%
194 Ora
7%
499 Raleigh
7%
152 Roscoe
7%
566 Watson
7%
522 Webster
7%
319 Wilbert
7%
639 Zeb
7%
810 Albin
5%
483 Alma
5%
913 Almer
5%
601 Alois
5%
603 Anson
5%
572 Basil
5%
575 Buford
5%
486 Burl
5%
538 Coleman
5%
192 Columbus
5%
763 Creed
5%
611 Doctor
5%
612 Elvin
5%
615 Evans
5%
271 Green
5%
971 Hardie
5%
396 Hardy
5%
491 Howell
5%
710 Hoy
5%
981 Huey
5%
712 Ida
5%
661 June
5%
781 Lindsay
5%
590 Lindsey
5%
665 Llewellyn
5%
332 Mary
5%
260 Myron
5%
882 Noble
5%
673 Ossie
5%
887 Rafe
5%
733 Richmond
5%
557 Rush
5%
895 Sanders
5%
633 Urban
5%
804 Vivian
5%
567 Webb
5%
599 Williams
5%
906 Willian
5%
808 Wilton
5%
910 Abbott
3%
682 Addie
3%
811 Albion
3%
527 Aloysius
3%
813 Alpha
3%
749 Arlie
3%
921 Babe
3%
305 Berry
3%
830 Cato
3%
939 Cleo
3%
761 Clovis
3%
836 Coy
3%
944 Dow
3%
580 Early
3%
847 Elam
3%
166 Elbert
3%
954 Ennis
3%
956 Erasmus
3%
853 Ethel
3%
543 Evert
3%
705 Florence
3%
962 Gardner
3%
111 Garfield
3%
585 Garland
3%
295 General
3%
772 Golden
3%
860 Hallie
3%
774 Hardin
3%
866 Hollie
3%
977 Holly
3%
979 Hoyt
3%
986 Isam
3%
511 Isham
3%
713 Ivory
3%
988 Jabez
3%
589 Justus
3%
368 Lafayette
3%
716 Lenard
3%
302 Lyman
3%
550 Maynard
3%
213 Millard
3%
303 Napoleon
3%
592 Olaf
3%
725 Oral
3%
196 Pearl
3%
729 Price
3%
888 Redden
3%
678 Rice
3%
340 Royal
3%
891 Ruby
3%
312 Sanford
3%
738 Shelby
3%
739 Solon
3%
679 Stonewall
3%
569 Winfred
3%
503 Wm
3%
743 Woodson
3%
744 Worth
3%
504 Young
3%
320 Adelbert
2%
641 Alden
2%
748 Algie
2%
600 Almon
2%
528 Alvie
2%
817 Annie
2%
919 Augusta
2%
754 Bird
2%
576 Burr
2%
937 Chesley
2%
692 Clara
2%
537 Cloyd
2%
578 Colonel
2%
762 Connie
2%
695 Crawford
2%
940 Crockett
2%
468 Dell
2%
841 Delmar
2%
610 Dillard
2%
946 Edie
2%
508 Eldridge
2%
950 Eliga
2%
767 Eligah
2%
848 Elihu
2%
356 Elwood
2%
471 Fay
2%
858 Grace
2%
330 Granville
2%
966 Gregorio
2%
968 Gustavus
2%
618 Hilliard
2%
868 Hope
2%
619 Hosea
2%
385 Isiah
2%
779 Jennie
2%
989 Jewel
2%
874 Junious
2%
367 Junius
2%
662 Lacy
2%
998 Lavern
2%
623 Lum
2%
667 Manford
2%
720 Marquis
2%
418 Merritt
2%
333 Merton
2%
879 Milford
2%
669 Minnie
2%
881 Nellie
2%
883 Obed
2%
670 Obie
2%
723 Odie
2%
726 Orley
2%
727 Otha
2%
419 Otho
2%
310 Pink
2%
460 Rollie
2%
461 Rollin
2%
796 Rose
2%
893 Salomon
2%
899 Stanton
2%
562 Thornton
2%
740 Thurman
2%
568 Wellington
2%
464 Wilburn
2%
424 Wilford
2%
525 Willam
2%
122 Winfield
2%
425 Adolphus
0%
912 Albertus
0%
746 Alcide
0%
482 Alford
0%
602 Alonza
0%
814 Alpheus
0%
915 Alvia
0%
815 Anastacio
0%
818 Arlington
0%
917 Arvid
0%
820 Asberry
0%
821 Asbury
0%
918 Ashby
0%
922 Baldwin
0%
826 Ballard
0%
923 Barnett
0%
751 Bedford
0%
685 Bernhard
0%
827 Blas
0%
757 Burley
0%
689 Butler
0%
829 Candido
0%
935 Ceylon
0%
936 Chalmers
0%
487 Cicero
0%
834 Commodore
0%
835 Cora
0%
942 Daisy
0%
697 Dayton
0%
764 Delos
0%
579 Dempsey
0%
306 Dewitt
0%
698 Dolphus
0%
843 Dora
0%
489 Dorsey
0%
844 Doss
0%
766 Eber
0%
947 Edith
0%
699 Elder
0%
948 Elick
0%
648 Elige
0%
951 Eliseo
0%
849 Eliza
0%
649 Elizabeth
0%
581 Ellsworth
0%
850 Elsie
0%
343 Elza
0%
509 Elzie
0%
394 Erastus
0%
851 Erie
0%
651 Ernst
0%
582 Fate
0%
701 Fayette
0%
959 Firman
0%
704 Flem
0%
960 Fleming
0%
961 Flora
0%
855 Friend
0%
963 Gee
0%
965 Gottlieb
0%
969 Halsey
0%
656 Hamp
0%
861 Hampton
0%
970 Handy
0%
863 Hattie
0%
617 Haywood
0%
864 Hence
0%
865 Hillard
0%
978 Hosteen
0%
711 Huston
0%
869 Hyman
0%
984 Hyrum
0%
412 Isom
0%
778 Ivey
0%
987 Ivy
0%
994 Katherine
0%
997 Knute
0%
663 Lafe
0%
454 Larkin
0%
999 Lawyer
0%
475 Lige
0%
621 Lonzo
0%
494 Mahlon
0%
719 Manley
0%
436 Melville
0%
378 Minor
0%
671 Octave
0%
884 Oda
0%
724 Olen
0%
593 Olin
0%
627 Orie
0%
789 Osborne
0%
676 Parley
0%
420 Perley
0%
629 Pinkney
0%
791 Pleas
0%
439 Pleasant
0%
792 Ples
0%
728 Press
0%
737 Shade
0%
478 Squire
0%
631 Sumner
0%
799 Theron
0%
741 Tilden
0%
681 Tillman
0%
903 Vernie
0%
598 Volney
0%
806 Watt
0%
807 Weaver
0%
524 Wheeler
0%
638 Wong
0%
907 Yee
0%
No matching quizzes found
Score Distribution
Percent of People with Each Score
Percentile by Number Answered
Your Score History
You have not taken this quiz